On se moque - Molière l'opéra urbain - Statistiques

Statistiques générales
  • Ce quiz a été pris 181 fois
    170 depuis la dernière actualisation
  • Le résultat moyen est 141 sur 177
Statistiques - réponses
Paroles % Correct
On
100%
on
100%
se
100%
ce
97%
que
97%
Que
97%
qui
97%
moque
95%
a
93%
A
93%
De
91%
de
91%
le
91%
les
91%
dit
90%
et
90%
Et
90%
ma
89%
Ma
89%
Souvent
89%
ceux
86%
d'en
86%
Ha
85%
leur
85%
leurs
85%
mon
85%
nos
85%
pensent
85%
qu'ils
85%
amour
84%
es
84%
Si
84%
Tu,
84%
Tu
84%
Célébrons
83%
chance
83%
différences
83%
Est
83%
est
83%
gens
83%
il
83%
Il
83%
n'a
83%
oui
83%
provoque
83%
rien
83%
Y
83%
blanche
82%
la
82%
La
82%
pas
82%
Plus
82%
robe
82%
bas
80%
haut
80%
je
80%
Je
80%
Pour
80%
quelle
80%
réponse
80%
d'avance
79%
époque
79%
Ho
79%
ne
79%
perdu
78%
renonce
78%
ressemblent
78%
s'assemblent
78%
eux,
77%
mains
77%
sens
77%
c'est
76%
qu'on
76%
Qu'on
76%
tremblent
76%
bat
75%
coeur
75%
ensemble
75%
soit
75%
un
75%
offenses
72%
veulent
71%
au
69%
Au
69%
notre
69%
ça
68%
n'arrête
67%
S'ils
66%
toutes
66%
dérange
63%
des
63%
d'importance
63%
mélange
63%
diable
62%
Tous
62%
tous
62%
conventions
60%
faut
60%
change
59%
sont
59%
fruit
57%
passion
57%
Quand
57%
Qu'est
57%
anges
56%
dans
56%
Pourquoi
56%
goûte
55%
haine
55%
feu
54%
hommes
54%
fou
53%
Mais
52%
yeux
52%
colère
51%
lois
51%
vois
51%
joue
49%
sur
49%
toits
49%
défiera
47%
Tant
47%
l'criera
16%
Aucun quiz correspondant
Distribution des résultats
% des personnes avec chaque résultat
Percentile par nombre de réponses
Votre historique - résultats
Vous n’avez pas pris ce quiz depuis la dernière actualisation